000 00903nmm a2200325 a 4500
003 AR-BaBNM
005 20251128205951.0
008 218019s1996 ||||||||||||||000 | spa||
020 _a84-7153-324-3
040 _cAR-BaBNM
100 1 _aColas Gil, Jaume
245 1 0 _aAtlas actual de geografía universal Vox
250 _a5ª ed.
260 _aBarcelona
_bBiblograf
_c1996
300 _a232 p.
_bil., gráfs., mapas
500 _aContiene índice de topónimos en p. 205
650 4 _aATLAS
650 4 _aGEOGRAFIA MUNDIAL
650 4 _aGEOGRAFIA FISICA
650 4 _aGEOGRAFIA POLITICA
650 4 _aGEOGRAFIA ECONOMICA
651 4 _aEspaña
655 _aREFERENCIA
700 1 _aDalmau, Eduardo
_ecoordinador
700 1 _aHuguet, Josep
_ecolaborador
700 1 _aInduráin, Jordi
_ecolaborador
700 1 _aReyes, Francesc
_ecolaborador
942 _cBK
998 _cMARTIN
999 _c13517
_d13517